Capitales argentinas - Estadísticas

Estadísticas generales
  • Esta prueba ha sido intentada 16 veces
  • La puntuación promedio es 23 de 24
Respuestas en el mapa
Las respuestas están codificadas por una escala verde-roja en el mapa de la prueba según el % correcto abajo.
 
Estadísticas de respuestas
Capital % Correcto
Ciudad Autónoma de Buenos Aires
100%
Córdoba
100%
Formosa
100%
La Plata
100%
La Rioja
100%
Mendoza
100%
Neuquén
100%
Salta
100%
San Juan
100%
San Luis
100%
San Miguel de Tucumán
100%
Santa Fe
100%
Santiago del Estero
100%
Corrientes
93%
Paraná
93%
Ushuaia
93%
Rawson
86%
Resistencia
86%
Rio Gallegos
86%
San Fernando del Valle de Catamarca
86%
San Salvador de Jujuy
86%
Santa Rosa
86%
Viedma
86%
Posadas
79%
No se encontraron pruebas coincidentes
Distribución de puntuación
Porcentaje de gente con cada puntuación
Porcentaje por número respondido
Historial de tus puntuaciones
No has intentado esta prueba.